Σαν τον Ζαπάτα και τον Τσε : οι Zapatistas και οι βολιβιανοί Cocaleros
Αποθηκεύτηκε σε:
| Κύριος συγγραφέας: | |
|---|---|
| Άλλοι συγγραφείς: | , |
| Μορφή: | Βιβλίο |
| Γλώσσα: | Greek English |
| Δημοσίευση: |
Αθήνα :
Ακυβέρνητες Πολιτείες,
2020.
|
| Θέματα: | |
| Ετικέτες: |
Προσθήκη ετικέτας
Δεν υπάρχουν, Καταχωρήστε ετικέτα πρώτοι!
|
MARC
| LEADER | 00000cam a2200000 a 4500 | ||
|---|---|---|---|
| 001 | 1/122389 | ||
| 008 | 201210s2020####gr a|| |||||||||| ||gre|| | ||
| 020 | |a 9786188364783 | ||
| 040 | |a GR-MyUa |b gre |c GR-MyUa |e AACR2 | ||
| 041 | 1 | |a gre |h eng | |
| 082 | 7 | |a 320.98 |2 (23) | |
| 100 | 1 | |a Οικονομάκης, Λεωνίδας. | |
| 245 | 1 | 0 | |a Σαν τον Ζαπάτα και τον Τσε : |b οι Zapatistas και οι βολιβιανοί Cocaleros / |c Λεωνίδας Οικονομάκης ; μετάφραση από τα αγγλικά και επιμέλεια Γιώργος Παπαδημητρίου και Αννίτα Χατζίκου. |
| 260 | |a Αθήνα : |b Ακυβέρνητες Πολιτείες, |c 2020. | ||
| 300 | |a 261 σ. ; |c 24 εκ. | ||
| 500 | |a Τίτλος πρωτοτύπου : Political strategies and social movements in Latin America : the Zapatistas and Bolivian Cocaleros. | ||
| 504 | |a Περιλαμβάνει βιβλιογραφικές παραπομπές. | ||
| 650 | 0 | |a Social movements |z Mexico. | |
| 650 | 0 | |a Social movements |z Bolivia. | |
| 651 | 0 | |a Latin America |x Politics and government. | |
| 700 | 1 | |a Παπαδημητρίου, Γεώργιος, |e edt |e trl | |
| 700 | 1 | |a Χατζίκου, Αννίτα, |e edtf |e trlf | |
| 852 | |a INST |b LESVOS |c EUDOXUS |e 20201210 |h 320.98 ΟΙΚ |p 005100062181 |q 005100062181 |t BK |y 0 | ||
| 920 | |a Οικονομάκης |b Λεωνίδας |y Λέσβος |z 2020-12 | ||
| 970 | |a Καμάτσου |b Δέσποινα |z 10-12-2020 | ||